Los dos mellizos (Record no. 173874)

MARC details
000 -LEADER
campo de control de longitud fija 00943namaa22001931 4500
001 - NÚMERO DE CONTROL
campo de control 173874
003 - IDENTIFICADOR DE NÚMERO DE CONTROL
campo de control ES-MaACL
005 - FECHA Y HORA DE LA ÚLTIMA TRANSACCIÓN
campo de control 20230906215357.0
008 - DATOS DE LONGITUD FIJA--INFORMACIÓN GENERAL
campo de control de longitud fija 100127s1862 sp r |||| | spa d
040 ## - FUENTE DE CATALOGACIÓN
Centro catalogador/agencia de origen SpMaBN
Lengua de catalogación spa
Centro/agencia transcriptor A2
100 0# - ENTRADA PRINCIPAL--NOMBRE DE PERSONA
Nombre de persona Camprodón, Francisco.
9 (RLIN) 34301
245 14 - MENCIÓN DEL TÍTULO
Título Los dos mellizos
Resto del título : zarzuela en un acto original y en verso /
Mención de responsabilidad, etc. letra de D. Francisco Camprodón ; música de D. Manuel Caballero.
260 ## - PUBLICACIÓN, DISTRIBUCIÓN, ETC.
Lugar de publicación, distribución, etc. Madrid :
Nombre del editor, distribuidor, etc. [s.n.],
Fecha de publicación, distribución, etc. 1862 (
Fabricante Imp. de José Rodríguez)
300 ## - DESCRIPCIÓN FÍSICA
Extensión 39 p. ;
Dimensiones 17 cm.
500 ## - NOTA GENERAL
Nota general Solo la letra.
500 ## - NOTA GENERAL
Nota general En port.: Representada por primera vez en el teatro de la Zarzuela el día 7 de diciembre de 1862.
700 0# - ENTRADA AGREGADA--NOMBRE PERSONAL
Nombre de persona Fernández Caballero, Manuel.
9 (RLIN) 49531
852 ## - LOCALIZACIÓN
Ubicación ES-MaACL
Número de control de estantería F-8623(10)
Nota libre .- Enc. pasta española
condición física .- Falto de la cub. original
Nota libre Enc. en un vol. facticio formando parte de la col. facticia "Teatro español moderno", vol. 78
-- .- Firma ms. de Gustavo Saenz Diez, 1877
Holdings
Estatus retirado Estado de pérdida Estado de daño No para préstamo Colección Biblioteca de origen Biblioteca actual Ubicación en estantería Fecha de adquisición Fuente de adquisición Total de préstamos Signatura topográfica completa Código de barras Visto por última vez Precio de reemplazo Tipo de ítem Koha
        Libros del s. XIX Biblioteca del Ateneo de Madrid Biblioteca del Ateneo de Madrid Sala Pecera Planta 2 27/01/2010     F-8623(10) 1182506 23/02/2023 23/02/2023 Libro impreso antiguo